2. Bundesliga 2026/27 - Statystyki

Ogólne statystyki
  • Ten quiz został rozwiązany 62 razy
    4 od ostatniego zresetowania
  • Średni wynik to 8 z 18
Statystyki odpowiedzi
Drużyna % Poprawnych
Greuther Fürth
75%
Hertha BSC
75%
Wolfsburg
75%
1. FC Kaiserslautern
50%
1. FC Nürnberg
50%
Arminia Bielefeld
50%
Dynamo Drezno
50%
Eintracht Brunszwik
50%
Holstein Kiel
50%
Karlsruher SC
50%
St. Pauli
50%
VfL Bochum
50%
1. FC Magdeburg
25%
Darmstadt 98
25%
Energie Cottbus
25%
Hannover 96
25%
Heidenheim
25%
Osnabrück
25%
Nie znaleziono quizów pasujących do podanych kryteriów
Rozkład punktacji
Procent ludzi z każdym wynikiem
Percentyl według liczby udzielonych odpowiedzi
Twoja historia wyników
Nie rozwiązałeś tego quizu od ostatniego zresetowania